Visualizzazione normale
Vista MARC
- Smith
di Personal Name
Records bibliografici associati: 1
001 - CONTROL NUMBER
- control field: 32145
003 - CONTROL NUMBER IDENTIFIER
- control field: IT-RoPau
005 - DATE AND TIME OF LATEST TRANSACTION
- control field: 20140627092705.0
008 - FIXED-LENGTH DATA ELEMENTS
- fixed length control field: 140627|| aca||aabn | a|a d
040 ## - CATALOGING SOURCE
- Original cataloging agency: IT-RoPau
- Transcribing agency: IT-RoPau
100 ## - HEADING--PERSONAL NAME
- Personal name: Smith
- Miscellaneous information: Codice autore SPICS: 20145
- Relator term: Autore
- Name of part/section of a work: That's Right
670 ## - SOURCE DATA FOUND
- Source citation: Work cat.: (IT-RoPau)99191: AA.VV. 794, Best of George Benson-The Instrumentals